The heart of Buddhist philosophy /

Bibliographic Details
Main Author: Jacobson, Nolan Pliny
Format: Book
Language:English
Published: Carbondale : Southern Illinois University Press, [1988]
Subjects:

MARC

Tag First Indicator Second Indicator Subfields
LEADER 00000cam a2200000 a 4500
001 in00000020145
005 20151007053831.0
008 870602s1988 ilu b s00110 eng
010 |a  87017376  
020 |a 0809313960 (alk. paper) :  |c $16.95 (est.) 
020 |a 0809313952 (pbk. : alk. paper) :  |c $9.95 (est.) 
035 |a (OCoLC)16131996 
035 |9 AAB2981AM 
040 |a DLC  |c DLC  |d TXA  |d UtOrBLW 
049 |a TXAM  |c [A11468006] 
050 0 0 |a B162  |b .J32 1988 
082 0 |a 181/.043  |2 19 
100 1 |a Jacobson, Nolan Pliny. 
245 1 4 |a The heart of Buddhist philosophy /  |c Nolan Pliny Jacobson. 
264 1 |a Carbondale :  |b Southern Illinois University Press,  |c [1988] 
264 4 |c ©1988 
300 |a xiv, 189 pages ;  |c 24 cm. 
336 |a text  |b txt  |2 rdacontent 
337 |a unmediated  |b n  |2 rdamedia 
338 |a volume  |b nc  |2 rdacarrier 
504 |a Bibliography: pages 163-177. 
500 |a Includes indexes. 
650 0 |a Buddhist philosophy. 
999 |a MARS 
999 f f |s 7fbe76c1-843d-33f8-a77e-8808d8ef63e4  |i c8e9af06-e287-3e40-ae2f-0a979d2d5d2a  |t 0 
952 f f |p normal  |a Texas A&M University  |b College Station  |c Sterling C. Evans Library  |d Evans: Library Stacks  |t 0  |e B162 .J32 1988  |h Library of Congress classification  |i unmediated -- volume  |m A14811468006 
998 f f |a B162 .J32 1988  |t 0  |l Evans: Library Stacks